00487nam a22001577a 4500010001500000020002600015035001300041037001300054082001100067100002600078245008400104260004100188270005200229300002700281700002100308 aENG-113220 a9788180828107c395.00 aEN-96752 bDBAD/PUB a270.72 aNomani, Maulana Yahya aThe truth about Jihad /cby Maulana Yahya Nomani; translated by Yoginder Sikand aNew Delhi bVitasta Publishingc2014 a2/15, Ansari Road, DaryaganjbNew Delhie110002 axviiii,166p.c22cm(Hb) aSikand, Yoginder